|
|
|
|
| LEADER |
01337nam a2200325 a 4500 |
| 001 |
28512 |
| 003 |
BD-DhAAL |
| 005 |
20230525130542.0 |
| 008 |
141208r20081993enk b 001 0 eng d |
| 010 |
|
|
|a 2008482039
|
| 020 |
|
|
|a 9780199540396 (pbk.)
|
| 035 |
|
|
|a (OCoLC)ocn234297125
|
| 040 |
|
|
|a UKM
|c UKM
|d DLC
|d BD-DhAAL
|
| 041 |
1 |
|
|a eng
|
| 042 |
|
|
|a lccopycat
|
| 050 |
0 |
0 |
|a PA3622
|b .W45 2008
|
| 082 |
0 |
0 |
|a 884/.0108
|2 22
|
| 245 |
0 |
0 |
|a Greek lyric poetry :
|b the poems and fragments of the Greek iambic, elegiac, and melic poets (excluding Pindar and Bacchylides) down to 450 B.C. /
|c translated with introduction and notes by M.L. West.
|
| 260 |
|
|
|a Oxford ;
|a New York :
|b Oxford University Press,
|c [2008]
|
| 300 |
|
|
|a xxiii, 212 p. ;
|c 20 cm.
|
| 490 |
|
0 |
|a Oxford world's classics
|
| 500 |
|
|
|a Originally published: 1993.
|
| 504 |
|
|
|a Includes bibliographical references and index.
|
| 541 |
|
|
|e 28512
|
| 546 |
|
|
|a Translated from the Ancient Greek.
|
| 650 |
|
0 |
|a Greek poetry
|v Translations into English.
|9 6687
|
| 700 |
1 |
|
|a West, M. L.
|q (Martin Litchfield),
|d 1937-
|9 6688
|
| 942 |
|
|
|2 ddc
|c BK
|
| 999 |
|
|
|c 33258
|d 33258
|
| 952 |
|
|
|0 0
|1 4
|2 ddc
|4 0
|6 884_010800000000000_GRE
|7 0
|9 44405
|a BRACUL
|b BRACUL
|c GEN
|d 2014-12-08
|e Paragon Enterprises Ltd.
|g 998.00
|l 0
|o 884.0108 GRE
|p 3010028512
|r 2014-12-08
|t 1
|w 2014-12-08
|y BK
|x Koha Inventory 2020
|